GETS Theological Seminary Library

1867年以前来华基督教传教士列传及著作目录 (Record no. 42940)

MARC details
000 -LEADER
fixed length control field 00793nam a2200193Ia 4500
008 - FIXED-LENGTH DATA ELEMENTS--GENERAL INFORMATION
fixed length control field 221110s9999 xx 000 0 und d
020 ## - INTERNATIONAL STANDARD BOOK NUMBER
International Standard Book Number 97875495024247549502420
041 ## - LANGUAGE CODE
Language code of text/sound track or separate title chi
Language code of original eng
050 ## - LIBRARY OF CONGRESS CALL NUMBER
Classification number BV3427.A1
Item number .W812 2011
100 ## - MAIN ENTRY--PERSONAL NAME
Personal name Wylie, Alexander
245 #0 - TITLE STATEMENT
Title 1867年以前来华基督教传教士列传及著作目录
Remainder of title /
Statement of responsibility, etc. 伟烈亚力 (Alexander Wylie) 原著; 倪文君译
246 ## - VARYING FORM OF TITLE
Title proper/short title 1867年以前來華基督教傳教士列傳及著作目錄
Remainder of title /
260 ## - PUBLICATION, DISTRIBUTION, ETC.
Place of publication, distribution, etc. 桂林 :
Name of publisher, distributor, etc. 广西师范大学出版社,
Date of publication, distribution, etc. 2011
300 ## - PHYSICAL DESCRIPTION
Extent 4, 12, 379 p.
Other physical details ;
Dimensions 27 cm.
500 ## - GENERAL NOTE
General note Translation from various publications of Alexander Wylie.
650 ## - SUBJECT ADDED ENTRY--TOPICAL TERM
Topical term or geographic name entry element Missionaries -- Bio-bibliography.Missions -- China.Protestant churches -- Missions.
700 ## - ADDED ENTRY--PERSONAL NAME
Personal name 伟烈亚力倪文君
Holdings
Withdrawn status Lost status Damaged status Not for loan Home library Current library Shelving location Date acquired Total Checkouts Full call number Barcode Date last seen Price effective from Koha item type
        GETS Theological Seminary Library GETS Theological Seminary Library   11/09/2022   BV3427.A1 .W812 2011 00029895 11/09/2022 11/09/2022 Chinese Book
OpacCredits

Contact the Librarian, GETS Library
Email: library@mygets.org









Implemented by GETS Library
(Powered by ETCA Professional Group)
GETS Theological Seminary
412 E. Rowland Street, CA 91723